Comentario a ponencias sobre procesos de desarrollo local de la Municipalidad de Desamparados /
Guardado en:
| Autor principal: | |
|---|---|
| Formato: | Texto |
| Materias: | |
| Etiquetas: |
Agregar Etiqueta
Sin Etiquetas, Sea el primero en etiquetar este registro!
|
MARC
| LEADER | 00000 a a2200000 04500 | ||
|---|---|---|---|
| 001 | 4196 | ||
| 003 | |||
| 040 | |||
| 090 | |a REV0229 (115) 2000 | ||
| 100 | |a Pérez, Marian | ||
| 245 | |a Comentario a ponencias sobre procesos de desarrollo local de la Municipalidad de Desamparados / |c Marian Pérez | ||
| 650 | |a PLANO LOCAL | ||
| 650 | |a DESARROLLO LOCAL | ||
| 650 | |a ZONAS URBANAS | ||
| 773 | |g número 115; páginas 41-42 | ||
| 999 | |c 38719 |d 38719 | ||
